000
00337nam a22001457a 4500
003
SGT
020
_a
978-81-312-3794-6
082
_a
617.96, S14H
100
_a
HINES, ROBERTA L.
245
_a
STOELTING'S ANESTHESIA CO-EXISTING DISEASE
260
_a
INDIA
_b
ELSVIER
_c
2014
300
_a
716
650
_a
ANESTHESIA
942
_2
ddc
_c
BK
999
_c
9037
_d
9037